| 000 | 00697nam a2200229Ia 4500 | ||
|---|---|---|---|
| 001 | 10363 | ||
| 003 | GE_BSU | ||
| 008 | 181216s||||||||xx |||||||||||||| ||und|| | ||
| 040 | _cGE_BSU | ||
| 080 | _a821.353.1–4 | ||
| 100 | _aუბილავა,ელიზბარ | ||
| 245 | _aსამგორი | ||
| 245 | _bნარკვევები | ||
| 245 | _cრედ.ს.ჩიქოვანი.მხატვ.გ.ჩირინაშვილი | ||
| 260 | _aთბილისი | ||
| 260 | _bსაბლიტგამი | ||
| 260 | _c1949 | ||
| 300 | _a70გვ.21სმ. | ||
| 653 | _aნარკვევები | ||
| 653 | _aსამგორი | ||
| 942 | _cBK | ||
| 999 |
_c43628 _d43628 |
||